Celebrate: a year of festivities for families and friends
Furkejuvvon:
| Váldodahkki: | |
|---|---|
| Materiálatiipa: | Girji |
| Giella: | eaŋgalasgiella |
| Almmustuhtton: |
Nueva York
Viking
2012
|
| Preanttus: | 1a. ed |
| Fáttát: | |
| Fáddágilkorat: |
Lasit fáddágilkoriid
Eai fáddágilkorat, Lasit vuosttaš fáddágilkora!
|
MARC
| LEADER | 00000cam a2200000 a 4500 | ||
|---|---|---|---|
| 001 | UCF8408 | ||
| 003 | CL-VaPUC | ||
| 008 | 130829e20120000us |||||||||||||||||eng|d | ||
| 020 | |a 9780670026357 | ||
| 082 | 0 | 4 | |a 747.93 |b MID |2 21 |
| 100 | |a Middleton, Pippa |e autora |9 570474 | ||
| 245 | 1 | 0 | |a Celebrate: a year of festivities for families and friends |
| 250 | |a 1a. ed | ||
| 300 | |a 399 p | ||
| 942 | |c BK | ||
| 945 | |d 20130829 16:45:00 |a dcastane | ||
| 260 | |a Nueva York |b Viking |c 2012 | ||
| 650 | 7 | |a FIESTAS TRADICIONALES |2 CL-VaPUC |9 476801 | |
| 650 | 7 | |a ENTRETENIMIENTO |2 CL-VaPUC |9 539343 | |
| 650 | 7 | |a FESTIVIDADES |2 CL-VaPUC |9 349920 | |
| 650 | 0 | |a Gastronomía |9 324668 | |
| 650 | 7 | |a COCINA INTERNACIONAL |2 CL-VaPUC |9 560691 | |
| 583 | |a last modification |c 20170530 12:50:29 |k Rodrigo Vera | ||
| 999 | |c 352980 |d 352978 | ||
| 952 | |0 0 |1 0 |3 erd |4 0 |6 747_930000000000000_MID_2012 |7 0 |8 A |9 457787 |a BIBARQ |b BIBARQ |d 2019-11-23 |i 5000939 |o 747.93 MID 2012 |p 5000939 |r 2025-01-20 |w 2019-11-23 |y BK |z Catalogado en:20130829 |k ARQ | ||